000 00968 a2200229 4500
005 20260406151751.0
008 260406b |||||||| |||| 00| 0 eng d
020 _a9789388359108 (pbk)
037 _cTB
040 _aCRL
_cCRL
041 _2hin
_ahin
084 _aQ2:457.25222 152Q9
_qCRL
100 _aतिवारी, विवेकानंद
_9862696
245 _aसनातन - समागम महाकुम्भ
260 _aनयी दिल्ली, भारत:
_bसस्ता साहित्य मण्डल प्रकाशन,
_c2019.
300 _a177पृ.
650 _aधर्म
650 _aहिन्दू धर्म
650 _aमहाकुम्भ
_91234153
942 _cTB
_2CC
_hQ2:457.25222 152Q9
999 _c1467158
_d1467158